000 00661nam a2200217Ii 4500
001 18392
003 CO-ViMGA
008 241108s9999||||xx |||||||||||||| ||und||
020 _a958815958X
040 _aCO-ViMGA
_bspa
_erda
_cCO-ViMGA
041 0 _aspa
082 0 4 _aCo860.6 V15p
100 1 _aMario Palencia Silva
_950315
245 1 0 _aJorge Valderrama Restrepo :
_bReflexión y creación
264 1 _aBogotá, Colombia : Ministerio de Cultura de Colombia, 2002
300 _avolumen
336 _atext
_btxt
_2rdacontent
337 _aunmediated
_bn
_2rdamedia
338 _avolume
_bnc
_2rdacarrier
940 _aidficha_siabuc: 18055. -- ficha_no_siabuc:18392
999 _c44998
_d44998